| 000 | 00578nam a2200193Ia 4500 | ||
|---|---|---|---|
| 003 | GCL | ||
| 008 | 140319s9999 xx 000 0 ara d | ||
| 040 |
_aGCL / _cGCL |
||
| 082 | 0 | 4 |
_a792.015 _bز ذ |
| 100 | 1 | _aزكى طليمات | |
| 245 | 1 | 0 |
_aذكريات ووجوه وقصص من المسرح / _cزكى طليمات |
| 260 |
_a[S.N] : _bالهيئة المصرية العامة للكتاب ، _c1981 |
||
| 300 | _a220 | ||
| 490 | _a | ||
| 650 | 0 | 4 | _aالمسرح |
| 650 | 0 | 4 | _aالممثلون والممثلات |
| 650 | 0 | 4 | _aتاريخ ونقد |
| 942 |
_2ddc _cBK |
||
| 999 |
_c29310 _d29310 |
||